2010 Songs - Statistics

General Stats
  • This quiz has been taken 56 times
  • The average score is 15 of 30
Answer Stats
Song Artist % Correct
Rolling in the Deep Adele
96%
Teenage Dream Katy Perry
94%
Just the Way You Are Bruno Mars
88%
Waka Waka (This Time for Africa) Shakira
88%
Alejandro Lady Gaga
80%
Only Girl (In the World) Rihanna
78%
Not Afraid Eminem
72%
Baby Justin Bieber & Ludacris
70%
Hey, Soul Sister Train
70%
OMG Usher & will.i.am
70%
Raise Your Glass P!nk
62%
Airplanes B.o.B & Hayley Williams
60%
Dynamite Taio Cruz
56%
Your Love is My Drug Kesha
44%
Forget You CeeLo Green
42%
Misery Maroon 5
42%
The Time (Dirty Bit) Black Eyed Peas
40%
Ridin' Solo Jason Derulo
40%
Jar of Hearts Christina Perri
38%
The Only Exception Paramore
38%
Mine Taylor Swift
34%
I Like It Enrique Iglesias
32%
Yeah 3x Chris Brown
28%
Like a G6 Far East Movement
24%
Beautiful Monster Ne-Yo
18%
Gettin' Over You David Guetta & Fergie
16%
Waiting for the End Linkin Park
16%
Nightmare Avenged Sevenfold
10%
Find Your Love Drake
10%
Closer to the Edge Thirty Seconds to Mars
8%
No matching quizzes found
Score Distribution
Percent of People with Each Score
Percentile by Number Answered
Your Score History
You have not taken this quiz